| 000 | 00373nam a22001217a 4500 | ||
|---|---|---|---|
| 082 |
_a297 _bNAD |
||
| 100 |
_aNadvi, Mulana Muhammad Shahab ud din _951344 |
||
| 245 | _aاسلام کی نشاۃ ثانیه قرآن کی نظر میی | ||
| 260 |
_aKarachi, _bMajlis Nashriat islam, _c1983. |
||
| 300 | _a571p. | ||
| 526 |
_a0 _b0 _c0 _d297_000000000000000_NAD |
||
| 942 |
_2ddc _cBK |
||
| 999 |
_c554057 _d554057 |
||